Oferty miast na organizację Letnich Igrzysk Olimpijskich - Statystyki

Ogólne statystyki
  • Ten quiz został rozwiązany 1 942 razy
  • Średni wynik to 36 z 69
Statystyki odpowiedzi
# Lata Miasto % Poprawnych
6 1900, 1924, 1992, 2008, 2012, 2024 Paryż
96%
4 1908, 1916, 1936, 2000 Berlin
95%
4 1908, 1944, 1948, 2012 Londyn
93%
3 1976, 1980, 2012 Moskwa
92%
5 1940, 1960, 1964, 2016, 2020 Tokio
92%
2 2000, 2008 Pekin
90%
9 (1908), 1924, 1936, 1940, 1944, 1960, 2004, 2020, 2024 Rzym
90%
4 1896, 1944, 1996, 2004 Ateny
89%
4 1972, 2012, 2016, 2020 Madryt
89%
10 1924, 1928, 1932, 1948, 1952, 1956, 1976, 1980, 1984, 2028 Los Angeles
88%
4 1924, 1936, 1940, 1992 Barcelona
87%
1 2012 Nowy Jork
84%
4 1936, 2004, 2012, 2016 Rio de Janeiro
84%
1 2000 Sydney
83%
1 1972 Monachium
81%
2 1912, 2004 Sztokholm
79%
2 1908, 2000 Mediolan
77%
3 1956, 1960, 1968 Meksyk
76%
6 1916, 1920, 1924, 1928, 1952, 1992 Amsterdam
73%
1 1988 Seul
73%
1 1964 Wiedeń
73%
4 1936, 1940, 1944, 1952 Helsinki
72%
6 1916, 1920, 1936, 1944, 1960, 2024 Budapeszt
71%
4 1936, 1956, 1968, 2004 Buenos Aires
70%
2 1924, 2016 Praga
70%
3 1916, 1960, 1964 Bruksela
68%
1 2008 Kair
68%
5 2000, 2004, 2008, 2012, 2020 Stambuł
68%
1 2004 Petersburg
67%
1 1936 Dublin
65%
1 2024 Hamburg
57%
2 1996, 2000 Manchester
57%
2 1996, 2008 Toronto
57%
2 1956, 1996 Melbourne
54%
4 (1904), 1952, 1956, 2016 Chicago
53%
2 1992, 1996 Belgrad
51%
2 1920, 1968 Lyon
50%
1 1956 San Francisco
48%
4 1944, 1956, 1972, 1976 Montreal
45%
1 2004 Kapsztad
44%
2 1920, 1996 Atlanta
42%
1 2008 Osaka
41%
1 2000 Brasília
40%
1 1936 Frankfurt nad Menem
38%
1 2008 Bangkok
37%
2 2004, 2008 Sewilla
34%
1 1992 Birmingham
33%
2 2016, 2020 Doha
33%
2 1992, 2032 Brisbane
31%
1 1936 Kolonia
30%
1 1936 Montevideo
30%
1 1920 Antwerpia
29%
1 2008 Kuala Lumpur
24%
3 1920, 2008, 2012 Hawana
22%
2 2016, 2020 Baku
20%
4 1920, 1948, 1952, 1956 Filadelfia
19%
1 2004 Lille
17%
1 1904 Saint Louis
17%
7 1944, 1952, 1956, 1960, 1964, 1968, 1972 Detroit
16%
1 2012 Lipsk
15%
2 1916, 1936 Aleksandria
13%
1 1988 Nagoja
13%
4 1936, 1944, 1948, 1960 Lozanna
10%
1 1936 Norymberga
10%
3 1948, 1952, 1956 Minneapolis
6%
1 1948 Baltimore
5%
2 1916, 1920 Cleveland
5%
1 2000 Taszkent
5%
1 2004 San Juan
4%
Nie znaleziono quizów pasujących do podanych kryteriów
Rozkład punktacji
Procent ludzi z każdym wynikiem
Percentyl według liczby udzielonych odpowiedzi
Twoja historia wyników
Nie rozwiązałeś tego quizu